[Event "Wch U12"]
[Site "Batumi"]
[Date "2016.10.26"]
[Round "7"]
[White "Aslanov, Pasha"]
[Black "Munshi, Aditya"]
[Result "0-1"]
[WhiteElo "1263"]
[BlackElo "1710"]
[PlyCount "50"]
[EventDate "2016.10.19"]
[EventType "swiss"]
[EventRounds "11"]
[EventCountry "GEO"]
[SourceTitle "EXT 2018"]
[Source "ChessBase"]
[SourceDate "2017.10.13"]
[SourceVersion "1"]
[SourceVersionDate "2017.10.13"]
[SourceQuality "1"]

1. e4 c5 2. c3 Nf6 3. e5 Nd5 4. d4 cxd4 5. Nf3 e6 6. cxd4 d6 7. Bd2 Bd7 8. Nc3 Bc6 9. Bc4 Nd7 10. 0-0 dxe5 11. dxe5 N7b6 12. Bb3 Be7 13. Qe2 0-0 14. Rfd1 Nxc3 15. Bxc3 Nd5 16. Rac1 Nxc3 17. Rxc3 Qb6 18. h3 Rfd8 19. Rcc1 h6 20. Rxd8+ Rxd8 21. Rd1 Rxd1+ 22. Qxd1 Bc5 23. Qe2 Bb5 24. Qc2 a5 25. a3 Qa7 0-1

[Event "Wch U12"]
[Site "Batumi"]
[Date "2016.10.22"]
[Round "4"]
[White "Lomsadze, Saba"]
[Black "Aslanov, Pasha"]
[Result "1-0"]
[WhiteElo "1669"]
[BlackElo "1263"]
[PlyCount "103"]
[EventDate "2016.10.19"]
[EventType "swiss"]
[EventRounds "11"]
[EventCountry "GEO"]
[SourceTitle "EXT 2018"]
[Source "ChessBase"]
[SourceDate "2017.10.13"]
[SourceVersion "1"]
[SourceVersionDate "2017.10.13"]
[SourceQuality "1"]

1. e4 c5 2. c3 d5 3. exd5 Qxd5 4. d4 Nf6 5. Nf3 e6 6. Be2 Nc6 7. 0-0 cxd4 8. cxd4 Be7 9. Nc3 Qd8 10. Bf4 a6 11. Bc4 0-0 12. Re1 b5 13. Bb3 Bb7 14. Rc1 Rc8 15. a3 Na5 16. Ba2 Nc4 17. Bxc4 Rxc4 18. Be3 Qc8 19. Ne5 Rc7 20. Bf4 Bd6 21. Qd2 Nd5 22. Nxd5 Bxd5 23. h3 f6 24. Ng6 Bxf4 25. Nxf4 Rff7 26. Qe3 Rxc1 27. Rxc1 Qd7 28. Rc5 Re7 29. Qg3 Bb7 30. Qe3 Qd6 31. Rc1 Rd7 32. Qxe6+ Qxe6 33. Nxe6 Bd5 34. Rc8+ Kf7 35. Nc5 Rd6 36. Rc7+ Kg6 37. f3 Bf7 38. Rd7 Rxd7 39. Nxd7 Kf5 40. Nc5 Kf4 41. Kf2 a5 42. Nb7 a4 43. Nd6 Bc4 44. g3+ Kg5 45. f4+ Kg6 46. Nxc4 bxc4 47. d5 Kf5 48. Ke3 g5 49. g4+ Kg6 50. f5+ Kf7 51. Kd4 Ke7 52. Kc5 1-0

[Event "Wch U12"]
[Site "Batumi"]
[Date "2016.10.21"]
[Round "3"]
[White "Aslanov, Pasha"]
[Black "Nakahara, Kan"]
[Result "1-0"]
[WhiteElo "1263"]
[BlackElo "1712"]
[PlyCount "71"]
[EventDate "2016.10.19"]
[EventType "swiss"]
[EventRounds "11"]
[EventCountry "GEO"]
[SourceTitle "EXT 2018"]
[Source "ChessBase"]
[SourceDate "2017.10.13"]
[SourceVersion "1"]
[SourceVersionDate "2017.10.13"]
[SourceQuality "1"]

1. e4 e6 2. d4 d5 3. exd5 exd5 4. Nf3 Nf6 5. Nc3 Be7 6. Bd3 Nc6 7. 0-0 0-0 8. Bf4 a6 9. h3 h6 10. Re1 Nb4 11. a3 Nxd3 12. Qxd3 Be6 13. Rad1 Bd6 14. Be5 c6 15. Qe3 Bxe5 16. Nxe5 Re8 17. Qd3 Nd7 18. Nxd7 Bxd7 19. Re3 Rxe3 20. Qxe3 b5 21. Re1 Qc7 22. Qe5 Qb7 23. Qd6 Be6 24. Ne2 Bf5 25. Nf4 Bxc2 26. Re7 Qb6 27. Qc7 Qxd4 28. Rxf7 Qxb2 29. Ne6 Re8 30. Rxg7+ Kh8 31. Qf4 Qb1+ 32. Kh2 Bf5 33. Qxh6+ Bh7 34. Qf6 Qf5 35. Rxh7+ Kxh7 36. Qg7# 1-0